Montpellier HSC - Tous les joueurs de 2010 à 2023 - Statistiques

Statistiques générales
  • Ce quiz a été pris 205 fois
    183 depuis la dernière actualisation
  • Le résultat moyen est 59 sur 131
Statistiques - réponses
Saisons Nationalité Joueur Nbr de Matchs Poste % Correct
2011 - 2021 Brésil Hilton 313 D
97%
2007 - 2020 Sénégal Camara 294 A
92%
2022 - 2023 Sénégal Kamara 6 G
92%
2017 - 2019, 2023 - France Lecomte 96 G
89%
2019 - France Savanier 104 M
89%
2010 - 2012 France Giroud 73 A
87%
2009 - 2014, 2022 France Cabella 102 M
84%
2006 - 2017 France Jourdren 189 G
84%
2018 - 2021 Algérie Delort 106 A
82%
2009 - 2013 Maroc Belhanda 94 M
80%
2012 - 2021 France Congré 306 D
77%
2018 - 2021 France Laborde 118 A
77%
2019 - France Ferri 128 M
75%
2018 - France Chotard 130 M
74%
2017 - 2023 Portugal Pedro Mendes 115 D
74%
2021 - France Sakho 49 D
72%
2020 - Angleterre Mavididi 88 A
71%
2020 - France Wahi 91 A
71%
2022 - Tunisie Khazri 28 A
70%
2002 - 2018 France Pionnier 71 G
70%
2020 - 2023 Suisse Omlin 74 G
69%
2022 - Mali Sacko 36 D
69%
2014 - 2019 Tunisie Skhiri 133 M
69%
2017 - 2019 France Aguilar 68 D
66%
2021 - France Esteve 47 D
61%
2015 - 2017 Algérie Boudebouz 73 M
60%
2010 - 2013 Chili Estrada 99 M
60%
2010 - 2014 France Stambouli 112 M
60%
2021 - 2023 France Germain 52 A
59%
2011 - 2013 Nigéria Utaka 46 A
59%
2022 - France Nordin 37 A
58%
2019 - 2020 Argentine Rulli 25 G
58%
2011 - 2013 France Bedimo 68 D
57%
2022 - France Jullien 30 D
57%
2014 - 2017 Bénin Mounié 41 A
57%
2015 - 2018 France Roussillon 95 D
57%
2005 - 2015 Maroc Aït-Fana 42 M
56%
2018 - 2022 France Mollet 139 M
56%
2016 - 2017 Mali Yacouba Sylla 20 M
55%
2014 - 2015 Paraguay Barrios 33 A
54%
2023 - Mali Kouyaté 15 D
54%
2021 - France Leroy 37 M
54%
2017 - 2018 France Mukiele 56 D
53%
2015 - 2018 Tchad Ninga 70 A
53%
2018 - 2021 Serbie Skuletic 59 A
53%
2017 - 2023 France Cozza 105 D
52%
2021 - Cameroun Tchato 23 D
52%
2006 - 2013 France Yanga-Mbiwa 86 D
52%
2017 - 2021 Afrique du Sud Dolly 64 M
51%
2007 - 2015 Maroc El Kaoutari 120 D
51%
2022 - France Fayad 25 M
51%
2018 - 2022 Cameroun Oyongo 79 D
51%
2019 - 2022 Serbie Ristic 99 D
51%
2017 - 2019 Côte d'Ivoire Sio 38 A
51%
2009 - 2011 Bosnie Spahic 42 D
51%
2008 - 2014 France Bocaly 73 D
50%
2021 - France Delaye 12 M
50%
2020 - 2023 Congo Makouana 34 A
49%
2022 - 2023 France Maouassa 34 D/A
49%
2013 - 2017 France Morgan Sanson 107 M
49%
2009 - 2013 France Pitau 56 M
49%
2007 - 2016 Tunisie Saihi 104 M
49%
2014 - 2018 France Bérigaud 78 A
48%
2018 - 2021 France Le Tallec 97 M
48%
2017 - 2022 France Junior Sambia 160 D
47%
2005 - 2010, 2013 - 2015 Colombie Montano 41 A
47%
2022 - France Sainte-Luce 9 D
47%
2009 - 2012 France Dernis 45 M
46%
2011 - 2019 France Ligali 16 G
45%
2017 - 2019 Belgique Mbenza 59 A
45%
2016 - 2018 Bénin Sessègnon 46 M
45%
2019 - 2023 Portugal Carvalho 3 G
43%
2010 - 2016 France Jonas Martin 108 M
43%
2019 - 2023 France Souquet 104 D
43%
2011 - 2017 France Deplagne 102 D
41%
2014 - 2019 France Lasne 148 M
41%
2012 - 2015 France Mounier 111 A
40%
2012 - 2013 France Charbonnier 34 A
39%
2021 - 2022 Etats-Unis Gioacchini 31 A
39%
2012 - 2014 Argentine Herrera 51 A
39%
2009 - 2013 France Jeunechamp 102 D
39%
2008 - 2017 France Marveaux 136 M
39%
2017 - 2019 Uruguay Piriz 24 M
39%
2013 - 2016 Comores Bakar 36 A
36%
2015 - 2016 Algérie Bensebaini 25 D
35%
2017 - 2018 France Ikoné 37 A
35%
2013 - 2015 Côte d'Ivoire Tiéné 46 D
35%
2013 - 2016 Pérou Deza 24 A
34%
2020 - 2021 Corée du Sud Yun Il-Lok 18 A
34%
2010 - 2016 France Dabo 83 M
32%
1997 - 2004, 2007 - 2011 Bosnie Dzodic 3 D
32%
2017 - 2018 Tchéquie Pokorny 13 D
32%
2014 Sénégal Niang 22 A
31%
2016 - 2017 Belgique Vanden Borre 10 D
31%
2010 - 2012 Turquie Kabze 26 A
30%
2021 - 2022 Brésil Thuler 18 D
30%
2015 - 2016 Mali Yatabaré 31 A
30%
2014 - 2017 Suisse Gissi 3 D
28%
2023 France Tamas 1 D
28%
2022 - Sénégal Faye 1 A
25%
2022 - France Gueguin 5 A
25%
2019 - 2021 France Ammour 1 A
24%
2015 - 2017 Sénégal Ndiaye 15 D
24%
2015 - 2018 France Rémy 43 D
24%
2015 - 2016 France Sotoca 3 A
24%
2015 - 2016 Suisse Wüthrich 3 D
23%
2007 - 2012 France Lacombe 3 M
22%
2011 - 2014 France Tinhan 8 M
22%
2016 - 2017 Congo Mongongu 4 D
21%
2018 - 2020 France Boutobba 3 A
20%
2019 - 2023 Uruguay Mathias Suarez 13 D
20%
2014 - 2017 France Saint-Ruf 10 D
20%
2008 - 2010 Argentine Tino Costa 18 A
20%
2019 - 2022 France Vidal 3 D
20%
2013 - 2015 Tunisie Jebbour 15 D
19%
2017 - 2019 France Passi 3 D
19%
2017 - 2019 Congo Poaty 9 D
19%
2015 - 2016 France Cornette 6 A
18%
2019 - 2020 France Vargas 3 D
18%
2014 - 2016 France Ribelin 3 M
17%
2020 - 2021 France Benchamma 5 M
16%
2016 - 2017 France Fito 1 M
16%
2023 - Guinée Issiaga Sylla 15 D
16%
2010 - 2014 France Mézague 14 M
16%
2017 - 2019 France Porsan-Clemente 1 M
16%
2019 - 2021 France Badu 3 A
11%
2008 - 2011 France Collin 3 D
11%
2008 - 2013 Guinée Fodé Koita 18 A
9%
2016 - 2017 France Llovet 3 A
7%
2007 - 2011 France Romain Armand 1 A
5%
2016 - 2020 France Killian Sanson 1 M
3%
Aucun quiz correspondant
Distribution des résultats
% des personnes avec chaque résultat
Percentile par nombre de réponses
Votre historique - résultats
Vous n’avez pas pris ce quiz depuis la dernière actualisation